000 00474nam a2200181Ia 4500
005 20250108061018.0
008 240331s9999 xx 000 0 und d
020 _a8187746238
082 _bKER
_24749
_a305.26
100 _aKerber, K.L
245 0 _aPsycho-Feminism:
_bAnxiety and Morality
260 _aDelhi
_bGlobal Vision Publishing House
_c2002
300 _aviii, 719 p., (Volume II)
650 _aFeminism
650 _aGender
650 _aPsychology
942 _cL
999 _c2635
_d2635